Histoire de France par lettre - V - Statistiques

Statistiques générales
  • Ce quiz a été pris 261 fois
  • Le résultat moyen est 14 sur 20
Statistiques - réponses
Indices Réponses % Correct
Régime politique en France de 1940 à 1944, instauré suite à l'occupation du territoire par l'Allemagne nazie Régime de Vichy
97%
Chef et roi gaulois, principale figure de la guerre des Gaules contre Jules César Vercingétorix
96%
Ville abritant le plus célèbre château royal, symbole de l'absolutisme Versailles
94%
Prénom commun à Hugo, Schœlcher et Wembanyama Victor
93%
Figure centrale des Lumières, célèbre pour des œuvres comme Candide ou Zadig Voltaire
93%
Sous ce même régime, stade parisien devenu théâtre de la rafle de 13 000 Juifs vers les camps de la mort Vélodrome d'hiver
89%
Femme politique rescapée d'Auschwitz, elle favorise la dépénalisation du recours à l'avortement avant d'être première présidente du Parlement européen Simone Veil
88%
Ouvert à tous les hommes depuis 1848, il est élargi aux femmes par une ordonnance de 1944 signée par le général de Gaulle Droit de vote
87%
Ville du Grand-Est, où est signé le partage de l'Empire carolingien en 843, puis marquée par la plus longue bataille de la Première Guerre mondiale, faisant plus de 700 000 victimes Verdun
87%
Célèbre peintre néerlandais, établi en France où il finit sa vie Vincent Van Gogh
77%
Archétype du poète maudit, connu pour sa relation avec Arthur Rimbaud et ses Poèmes saturniens Paul Verlaine
76%
Ville de la Meuse, Louis XVI y est arrêté en fuite Varennes
72%
Ingénieur militaire de Louis XIV, célèbre pour ses fortifications et sa "ceinture de fer" Vauban
71%
Région française qui abrite une révolte majeure de royalistes et contre-révolutionnaires durant la Révolution française Vendée
71%
Ministre des Affaires Etrangères, de l'Intérieur puis Premier ministre de Jacques Chirac de 2005 à 2007, revenu sur le devant de la scène en 2024 afin de commenter les crises internationales Dominique de Villepin
64%
Écrivain surréaliste et musicien de jazz, célèbre pour L'Écume des Jours et J'irai cracher sur vos tombes Boris Vian
62%
Branche cadette de la dynastie capétienne, qui règne sur le royaume de France de 1328 à 1589 Valois
57%
Première bataille remportée par l'armée française durant les guerres révolutionnaires, le 20 septembre 1792 Valmy
47%
Aussi connu comme le curé d'Ars, prêtre du XIXe siècle, objet d'une dévotion populaire et fait saint patron de tous les curés de l'Univers par le pape Pie IX en 1929 Jean-Marie Vianney
12%
Journaliste et député socialiste, membre de la Commune de Paris en 1871 puis fondateur du Parti Socialiste Révolutionnaire Édouard Vaillant
5%
Aucun quiz correspondant
Distribution des résultats
% des personnes avec chaque résultat
Percentile par nombre de réponses
Votre historique - résultats
Vous n’avez pas pris ce quiz